书目信息 |
| 题名: |
2020年会计专业技术资格考试应试指导及全真模拟测试
|
|
| 作者: | 张志凤 编著 | |
| 分册: | 下册 中级会计实务 | |
| 出版信息: | 北京 北京科学技术出版社 2020.3 |
|
| 页数: | 2册(524页) | |
| 开本: | 26cm | |
| 丛书名: | ||
| 单 册: | ||
| 中图分类: | F23 , F233 | |
| 科图分类: | ||
| 主题词: | 会计--hui ji--资格考试--自学参考资料 , 会计实务--hui ji shi wu--资格考试--自学参考资料 | |
| 电子资源: | ||
| ISBN: | 978-7-5714-0745-2 | |
| 000 | 01253nam0 2200301 450 | |
| 001 | 2156283182 | |
| 005 | 20211012155432.19 | |
| 010 | @a978-7-5714-0745-2@dCNY42.50(全2册85.00) | |
| 100 | @a20200610d2020 em y0chiy0120 ea | |
| 101 | 0 | @achi |
| 102 | @aCN@b110000 | |
| 105 | @aa zq 000yy | |
| 106 | @ar | |
| 200 | 1 | @a2020年会计专业技术资格考试应试指导及全真模拟测试@A2020nian hui ji zhuan ye ji shu zi ge kao shi ying shi zhi dao ji quan zhen mo ni ce shi@i中级会计实务@h下册@f张志凤编著 |
| 210 | @a北京@c北京科学技术出版社@d2020.3 | |
| 215 | @a2册(524页)@c图@d26cm | |
| 300 | @a2020年会计专业技术资格考试轻松过关系列 一 轻松过关 1 | |
| 304 | @a东奥会计在线组编 | |
| 312 | @a封面英文分辑题名:Accounting practice | |
| 330 | @a本书共四个部分,包括:命题规律总结及趋势预测、同步辅导及强化训练、跨章节综合题演练、全真模拟测试题及参考答案。最后附录全国会计专业技术资格考试(中级)历年真题新解(东奥专供)。 | |
| 517 | 1 | @a中级会计实务@Azhong ji hui ji shi wu |
| 606 | 0 | @a会计@Ahui ji@x资格考试@j自学参考资料 |
| 606 | 0 | @a会计实务@Ahui ji shi wu@x资格考试@j自学参考资料 |
| 690 | @aF23@v5 | |
| 690 | @aF233@v5 | |
| 701 | 0 | @a张志凤@Azhang zhi feng@f(1962.8~)@4编著 |
| 801 | 0 | @aCN@b百万庄@c20211006 |
| 905 | @b1305626-29@dF23@e740:2@f4 | |
| 2020年会计专业技术资格考试应试指导及全真模拟测试.中级会计实务.下册/张志凤编著.-北京:北京科学技术出版社,2020.3 |
| 2册(524页):图;26cm |
| 2020年会计专业技术资格考试轻松过关系列 一 轻松过关 1 |
| ISBN 978-7-5714-0745-2:CNY42.50(全2册85.00) |
| 本书共四个部分,包括:命题规律总结及趋势预测、同步辅导及强化训练、跨章节综合题演练、全真模拟测试题及参考答案。最后附录全国会计专业技术资格考试(中级)历年真题新解(东奥专供)。 |
| ● |
| 相关链接 |
|
|
|
|
正题名:2020年会计专业技术资格考试应试指导及全真模拟测试
索取号:F23/740:2
 
预约/预借
| 序号 | 登录号 | 条形码 | 馆藏地/架位号 | 状态 | 备注 |
| 1 | 1305626 | 213056262 | 第一样本阅览室/ [索取号:F23/740:2] | 在馆 | |
| 2 | 1305627 | 213056271 | 第一借阅区/ [索取号:F23/740:2] | 在馆 | |
| 3 | 1305628 | 213056280 | 第一借阅区/ [索取号:F23/740:2] | 在馆 | |
| 4 | 1305629 | 213056299 | 第一借阅区/ [索取号:F23/740:2] | 在馆 |